书目信息 |
| 题名: |
铣工操作技能与考核
|
|
| 作者: | 机械工业部 编 | |
| 分册: | ||
| 出版信息: | 北京 机械工业出版社 1998.06 |
|
| 页数: | 196页 | |
| 开本: | 16开 | |
| 丛书名: | ||
| 单 册: | ||
| 中图分类: | TG54 | |
| 科图分类: | ||
| 主题词: | 铣削 , 铣床 | |
| 电子资源: | ||
| ISBN: | 7-111-04821-0 | |
| 000 | 00580nam0 2200205 45 | |
| 001 | 0011161982 | |
| 005 | 20001116195506.7 | |
| 010 | @a7-111-04821-0@d16.00元 | |
| 100 | @a20001116d1998 km y0chiy0120 ea | |
| 101 | 0 | @achi |
| 105 | @a z 000yy | |
| 200 | 1 | @a铣工操作技能与考核@AXi Gong Cao Zuo Ji Neng Yu Kao He@f机械工业部编@FJi Xie Gong Ye Bu Bian |
| 210 | @a北京@c机械工业出版社@d1998.06 | |
| 215 | @a196页@d16开 | |
| 606 | 0 | @a铣削 |
| 606 | 0 | @a铣床 |
| 690 | @aTG54@v3 | |
| 701 | 0 | @a机械工业部@4编 |
| 801 | @aCN@bPftUser@c20001116 | |
| 905 | @b410651-655@dTG54@eJ:269@f5 | |
| 铣工操作技能与考核/机械工业部编.-北京:机械工业出版社,1998.06 |
| 196页;16开 |
| ISBN 7-111-04821-0:16.00元 |
| ● |
| 相关链接 |
|
|
|
正题名:铣工操作技能与考核
索取号:TG54/J:269
 
预约/预借
| 序号 | 登录号 | 条形码 | 馆藏地/架位号 | 状态 | 备注 |
| 1 | 410651 | 204106519 | 自科库501/501自科库 27排4列1层/ [索取号:TG54/J:269] | 在馆 | |
| 2 | 410652 | 204106528 | 自科库501/501自科库 27排4列1层/ [索取号:TG54/J:269] | 在馆 | |
| 3 | 410653 | 204106537 | 自科库501/501自科库 27排4列1层/ [索取号:TG54/J:269] | 在馆 | |
| 4 | 410654 | 204106546 | 自科库501/501自科库 27排4列1层/ [索取号:TG54/J:269] | 在馆 | |
| 5 | 410655 | 204106555 | 自科库501/501自科库 27排4列1层/ [索取号:TG54/J:269] | 在馆 |